Curso de filosofía del derecho (Registro nro. 173869)
[ vista simple ]
| 000 -LEADER | |
|---|---|
| fixed length control field | 01119 a2200193 4500 |
| 001 - CONTROL NUMBER | |
| control field | 445942 |
| 003 - CONTROL NUMBER IDENTIFIER | |
| control field | XX-XxUND |
| 008 - FIXED-LENGTH DATA ELEMENTS--GENERAL INFORMATION | |
| fixed length control field | s2021 xx |||||||||||| ||||und d |
| 020 ## - INTERNATIONAL STANDARD BOOK NUMBER | |
| International Standard Book Number | 9786079945138 |
| 035 ## - | |
| -- | 9786079945138 |
| 100 1# - MAIN ENTRY--PERSONAL NAME | |
| Personal name | Juan Abelardo Hernández Franco |
| Relator term | author |
| 245 1# - TITLE STATEMENT | |
| Title | Curso de filosofía del derecho |
| 260 ## - PUBLICATION, DISTRIBUTION, ETC. (IMPRINT) | |
| Place of publication, distribution, etc | México |
| Name of publisher, distributor, etc | México |
| Date of publication, distribution, etc | 2021-07-03 21:06:43 |
| 520 ## - SUMMARY, ETC. | |
| Summary, etc | La estructura de la obra se apega a la mayoría de los planes de estudio de la materia filosofía del derecho. Tiene tres secciones que permiten dar seguimiento de manera ordenada y sistemática a los conocimientos elementales de la asignatura pues abordan los paradigmas filosóficos que sustentaron el ejercicio jurisprudencial y el desarrollo de la ciencia jurídica. |
| 650 #4 - SUBJECT ADDED ENTRY--TOPICAL TERM | |
| Topical term or geographic name as entry element | jurisprudencia,definición,fines,categorías jurídicas,filosofía del derecho,poder jurídico político,verdad,filosofía,ciencias jurídicas,valores,decisión judicial,ciencia,intencionalidad |
| 754 1# - | |
| -- | category |
| -- | Formativa |
| 856 4# - LOCALIZACIÓN Y ACCESO ELECTRÓNICO | |
| Identificador Uniforme del Recurso (URI/URL) | https://biblioteca.dikaia.com.mx/reader/curso-de-filosofia-del-derecho-1625365315 |
| 942 ## - | |
| -- | RAA |
| 999 ## - | |
| -- | 173869 |
| -- | 173869 |
No hay ítems disponibles.